000 00289nam a2200121Ia 4500
008 190216s9999||||xx |||||||||||||| ||und||
100 _aPammal
245 0 _aMalayalam-Pamman Purana Kadapathrangal
260 _bPoorna Pubs Kozhikode
300 _a505
650 _aMalayalam
942 _cBK
999 _c27609
_d27609